Most famous countries in Europe - Statistics

General Stats
  • This quiz has been taken 73 times
  • The average score is 14 of 15
Answer Stats
Hint Answer % Correct
3 Germany
99%
5 Italy
99%
1 Russia
99%
6 Spain
99%
2 United Kingdom
99%
7 Poland
97%
4 France
96%
11 Sweden
94%
13 Norway
93%
15 Belgium
90%
9 Greece
90%
12 Ireland
90%
8 Netherlands
90%
14 Switzerland
88%
10 Ukraine
81%
No matching quizzes found
Score Distribution
Percent of People with Each Score
Percentile by Number Answered
Your Score History
You have not taken this quiz